000 01270nam a22002537a 4500
999 _c62105
_d62105
003 Ge_BSU
005 20240711142105.0
008 240711s2019 ge ||||| |||| 00| 0 geo d
020 _a9789941482700
041 _ageo
080 _a61:54(075.8) ა-81
100 _aარზიანი, ბადრი
_eავტორი.
_910177
245 _aსამედიცინო ქიმია :
_bსახელმძღვანელო თბილისის სახელმწ. სამედიცინო უნ-ტის სტუდენტთათვის /
_cბადრი არზიანი ; რედ.ი. ჩიკვაიძე.
250 _aმე-3 გამოცემა.
264 _aთბილისი :
_bინტელექტი,
_c2019.
300 _a288 გვ. :
_b ცხრ., სურ. ;
_c20 სმ.
501 _aსაგნობრივი საძიებელი: გვ. 280-287.
504 _aბიბლიოგრაფია: გვ. 279.
653 _aსამედიცინო ქიმია
653 _aმედიცინა
653 _aქიმია
700 _a ჩიკვაიძე, ი
_eრედაქტორი
_922807
942 _2udc
_cᲬᲘᲒᲜᲘ